Development of "soft skills" and the significance of career socialisation

Elmentve itt :
Bibliográfiai részletek
Szerző: Dombi Edina
Testületi szerző: A nem kognitív készségek fejlesztése a munkaerőpiaci igények tükrében = Development of non-cognitive skills in the light of labour market needs
Dokumentumtípus: Könyv része
Megjelent: Juhász Gyula Felsőoktatási Kiadó Szeged 2019
Sorozat:A nem kognitív készségek fejlesztése a munkaerőpiaci igények tükrében : tanulmánykötet
Kulcsszavak:Pályaszocializáció, Képességfejlesztés
Tárgyszavak:
Online Access:http://acta.bibl.u-szeged.hu/84601
LEADER 01080naa a2200217 i 4500
001 acta84601
005 20240307080518.0
008 240307s2019 hu o 1|| eng d
020 |a 978-615-5946-14-1 
040 |a SZTE Egyetemi Kiadványok Repozitórium  |b hun 
041 |a eng 
100 1 |a Dombi Edina 
245 1 0 |a Development of "soft skills" and the significance of career socialisation  |h [elektronikus dokumentum] /  |c  Dombi Edina 
260 |a Juhász Gyula Felsőoktatási Kiadó  |b Szeged  |c 2019 
300 |a 25-29 
490 0 |a A nem kognitív készségek fejlesztése a munkaerőpiaci igények tükrében : tanulmánykötet 
650 4 |a Társadalomtudományok 
650 4 |a Oktatástudomány 
695 |a Pályaszocializáció, Képességfejlesztés 
711 |a A nem kognitív készségek fejlesztése a munkaerőpiaci igények tükrében = Development of non-cognitive skills in the light of labour market needs  |c Szeged  |d 2018. november 22. 
856 4 0 |u http://acta.bibl.u-szeged.hu/84601/1/nem_kognitiv_keszsegek_fejlesztese_tanulmanykotet_2019_025-029.pdf  |z Dokumentum-elérés